[Event "Sachsen-ch U14"]
[Site "Sebnitz"]
[Date "2005.03.31"]
[Round "5"]
[White "Doberitz, Paul"]
[Black "Kindt, Benjamin"]
[Result "1-0"]
[WhiteElo "1665"]
[BlackElo "1478"]
[PlyCount "119"]
[EventDate "2005.03.29"]
[EventType "swiss"]
[EventRounds "7"]
[EventCountry "GER"]
[SourceTitle "EXT 2007"]
[Source "ChessBase"]
[SourceDate "2006.11.23"]
[SourceVersion "1"]
[SourceVersionDate "2006.11.23"]
[SourceQuality "1"]

1. e4 c5 2. Nf3 a6 3. d4 cxd4 4. Nxd4 e6 5. Nc3 Qc7 6. Be2 Bb4 7. Qd3 Nf6 8. 0-0 b5 9. Bg5 Bb7 10. Bxf6 gxf6 11. Bf3 Rg8 12. g3 Nc6 13. Nxc6 Qxc6 14. Ne2 f5 15. Nd4 fxe4 16. Nxc6 exd3 17. Nxb4 Bxf3 18. Nxd3 Rc8 19. Rac1 Ke7 20. Rfe1 Rc7 21. Re3 Bb7 22. c3 Rgc8 23. Rd1 f6 24. Nf4 Rc5 25. Red3 R8c7 26. f3 a5 27. Kf2 b4 28. Ne2 Ba6 29. cxb4 Bxd3 30. bxc5 Bxe2 31. Kxe2 Rxc5 32. Rd2 Re5+ 33. Kd1 Rc5 34. Ke2 d5 35. g4 e5 36. h3 Ke6 37. Ke3 Rc4 38. Kf2 e4 39. fxe4 Rxe4 40. Kf3 Ke5 41. Rc2 Rc4 42. Re2+ Re4 43. Rc2 Rc4 44. Rxc4 dxc4 45. Ke3 h6 46. a4 Kd5 47. Kf4 Kd4 48. Kf5 Kd3 49. Ke6 c3 50. bxc3 Kxc3 51. Kxf6 Kb4 52. h4 Kxa4 53. g5 hxg5 54. hxg5 Kb3 55. g6 a4 56. g7 a3 57. g8Q+ Kb2 58. Qg2+ Kb1 59. Qe4+ Kb2 60. Qb4+ 1-0

[Event "Sachsen-ch U14"]
[Site "Sebnitz"]
[Date "2005.03.29"]
[Round "1"]
[White "Haeusler, Felix"]
[Black "Kindt, Benjamin"]
[Result "1/2-1/2"]
[WhiteElo "1694"]
[BlackElo "1478"]
[PlyCount "56"]
[EventDate "2005.03.29"]
[EventType "swiss"]
[EventRounds "7"]
[EventCountry "GER"]
[SourceTitle "EXT 2007"]
[Source "ChessBase"]
[SourceDate "2006.11.23"]
[SourceVersion "1"]
[SourceVersionDate "2006.11.23"]
[SourceQuality "1"]

1. e4 c5 2. Nf3 a6 3. d4 cxd4 4. Nxd4 e6 5. Bd3 Qc7 6. a3 Nf6 7. Nc3 b5 8. 0-0 Bb7 9. Qe2 Nc6 10. Nxc6 dxc6 11. f4 c5 12. e5 c4 13. Bxc4 bxc4 14. exf6 gxf6 15. Ne4 Be7 16. Rd1 Rg8 17. g3 Qc6 18. Rd4 Rc8 19. Qf1 f5 20. Nf2 Bc5 21. Be3 Bxd4 22. Bxd4 Rd8 23. c3 Qf3 24. Qh3 Qxf4 25. Qxh7 Qg5 26. Re1 Qg6 27. Qh4 Qg5 28. Qxg5 Rxg5 1/2-1/2